[Event "EU-ch (Women) 24th"]
[Site "Rhodes"]
[Date "2024.04.29"]
[Round "10"]
[White "Popadyuk, Olga"]
[Black "Revelioti, Eleni Nefeli"]
[Result "1-0"]
[WhiteElo "1633"]
[BlackElo "1652"]
[PlyCount "67"]
[EventDate "2024.04.19"]
[EventType "swiss"]
[EventRounds "10"]
[EventCountry "GRE"]
[SourceTitle "CB18_2024"]
[SourceDate "2024.05.01"]
[SourceVersion "1"]
[SourceVersionDate "2024.05.01"]
[SourceQuality "2"]

1. Nf3 Nf6 2. d4 d6 3. Bf4 Nbd7 4. c4 b6 5. Nc3 Bb7 6. Qc2 Bxf3 7. gxf3 g6 8. Qd2 Bg7 9. e4 e5 10. Bg5 Qe7 11. Nd5 Qd8 12. 0-0-0 c6 13. Nxf6+ Nxf6 14. Bh6 0-0 15. Bxg7 Kxg7 16. h4 Qe7 17. Qg5 Rfe8 18. h5 a5 19. hxg6 fxg6 20. Qh6+ Kh8 21. Qxg6 Rg8 22. Qf5 Rad8 23. Rh6 Rgf8 24. Qh3 Rf7 25. Qh2 Rdf8 26. Bh3 Ne8 27. Bf5 Nf6 28. dxe5 dxe5 29. f4 exf4 30. Qxf4 Rg7 31. Rdh1 Rff7 32. Qb8+ Rf8 33. Qxb6 Rff7 34. Qxc6 1-0

[Event "EU-ch (Women) 24th"]
[Site "Rhodes"]
[Date "2024.04.26"]
[Round "7"]
[White "Kaka, Rengina Tsampika"]
[Black "Revelioti, Eleni Nefeli"]
[Result "1-0"]
[WhiteElo "1480"]
[BlackElo "1652"]
[PlyCount "83"]
[EventDate "2024.04.19"]
[EventType "swiss"]
[EventRounds "10"]
[EventCountry "GRE"]
[SourceTitle "CB18_2024"]
[SourceDate "2024.05.01"]
[SourceVersion "1"]
[SourceVersionDate "2024.05.01"]
[SourceQuality "2"]

1. d4 d5 2. Bf4 Nf6 3. e3 e6 4. Nf3 c5 5. c3 Bd6 6. Bg3 Nc6 7. Nbd2 0-0 8. Ne5 Bd7 9. Nxf7 Rxf7 10. Bxd6 c4 11. Bf4 h6 12. Nf3 Rf8 13. h3 a5 14. Be2 Re8 15. 0-0 Qe7 16. Be5 Nxe5 17. Nxe5 Bc8 18. Bh5 Nxh5 19. Qxh5 Qd8 20. Rfe1 Rf8 21. Re2 Rf5 22. Qg6 Rf6 23. Qg4 Qe8 24. Rf1 h5 25. Qg5 b5 26. e4 Bb7 27. exd5 Bxd5 28. Re3 Ra7 29. Rg3 Rf5 30. Qg6 Kf8 31. Qh7 a4 32. Qh8+ Ke7 33. Rxg7+ Kd8 34. Qxe8+ Kxe8 35. Rxa7 Rg5 36. f3 Rf5 37. Ra5 Ke7 38. Rxb5 Kd6 39. Rb4 Rf8 40. Rxa4 Rg8 41. Nxc4+ Bxc4 42. Rxc4 1-0